| 000 | 00798cad a22002055a 4500 | ||
|---|---|---|---|
| 001 | L156724 | ||
| 008 | 120806s20120801xxk f 000 0 eng d | ||
| 035 | _a(Sirsi) u156724 | ||
| 041 | 0 | _aeng | |
| 110 | 2 |
_aNationwide Building Society _91019 |
|
| 245 | 0 | 0 |
_aNationwide house price index _bJuly 2012 _h[electronic resource] |
| 260 | _c2012 | ||
| 490 | 0 |
_aNationwide House Price Index _vJuly 2012 |
|
| 520 | _aUnited Kingdom house prices fell by 0.7% in July 2012 and fell by 2.6% on a year on year basis. Housing market continues to decline due to weak economy | ||
| 590 | _aKA | ||
| 651 | 4 |
_aUnited Kingdom _y |
|
| 690 |
_aResidential property _96266 |
||
| 856 | 4 | 0 |
_uhttps://www.nationwide.co.uk/hpi/historical/July_2012.pdf _zView this item free of charge at www.nationwide.co.uk |
| 942 | _n0 | ||
| 999 |
_c114388 _d114388 |
||